| 000 | 00453nam a22001817a 4500 | ||
|---|---|---|---|
| 999 |
_c2544 _d2544 |
||
| 003 | OSt | ||
| 005 | 20210713093121.0 | ||
| 008 | 210713b ||||| |||| 00| 0 eng d | ||
| 020 | _a9781259360992 | ||
| 040 | _calupe university | ||
| 050 |
_aGE105 _b.G64 2014 |
||
| 100 | _aAllison Goebel | ||
| 245 | _aENVIRONMENT AND SUSTAINABILITY | ||
| 260 |
_aUSA _bMcGraw-Hill Education _c2014 |
||
| 300 | _a213p | ||
| 700 | _aStephen Brown | ||
| 942 |
_2lcc _cBK _nDO |
||